LEADER 01099nam 2200337Ia 450 001 996388730203316 005 20200824125213.0 035 $a(CKB)1000000000637439 035 $a(EEBO)2240885121 035 $a(OCoLC)ocm13558559e 035 $a(OCoLC)13558559 035 $a(EXLCZ)991000000000637439 100 $a19860512d1698 uy | 101 0 $aeng 135 $aurbn||||a|bb| 200 12$aA consolatory poem to the Right Honourable John, Lord Cutts, upon the death of his most accomplish'd lady$b[electronic resource] /$fby N. Tate .. 210 $aLondon $cPrinted by R.R. for Henry Playford ...$d1698 215 $a[2], 9 p 300 $aFirst edition. 300 $aReproduction of original in Huntington Library. 330 $aeebo-0113 700 $aTate$b Nahum$f1652-1715.$0709613 801 0$bEAA 801 1$bEAA 801 2$bm/c 801 2$bUMI 801 2$bWaOLN 906 $aBOOK 912 $a996388730203316 996 $aA consolatory poem to the Right Honourable John Lord Cutts upon the death of his most accomplish'd lady$92346122 997 $aUNISA